Villes du Lot-et-Garonne en images - Statistiques

Statistiques générales
  • Ce quiz a été pris 107 fois
  • Le résultat moyen est 7 sur 18
Statistiques - réponses
Par images Hint Réponse % Correct
A Agen
99%
V Villeneuve-sur-Lot
98%
M Marmande
90%
N Nérac
89%
D Duras
44%
F Fumel
44%
P Penne-d'Agenais
40%
A Aiguillon
31%
C Casteljaloux
26%
P Pujols
26%
B Barbaste
24%
A Astaffort
16%
C Castillonnès
15%
T Tournon-d'Agenais
15%
V Vianne
15%
L Laplume
11%
C Castelmoron-sur-Lot
9%
L Lauzun
5%
Aucun quiz correspondant
Distribution des résultats
% des personnes avec chaque résultat
Percentile par nombre de réponses
Votre historique - résultats
Vous n’avez pas pris ce quiz